| 000 | 01436nam a22002655a 4500 | ||
|---|---|---|---|
| 999 |
_c13273 _d13273 |
||
| 003 | OSt | ||
| 005 | 20210929115329.0 | ||
| 008 | 100203s2009 ua frl 000 0 eara d | ||
| 017 | _a2009 / 14317 | ||
| 040 |
_aEG-ScBUE _bara _cEG-ScBUE |
||
| 043 | _af-ua--- | ||
| 082 | 0 | 4 |
_a344.6201 _bق ا ن _222 |
| 110 | 1 | _aمصر. | |
| 245 | 1 | 2 |
_aالقانون رقم 12 لسنة 2003 بإصدار قانون العمل : _bمتضمنا القرارات الوزارية المنفذة لأحكامه ومذكرته الإيضاحية وأحكام المحكمة الدستورية وفقا لأحدث التعديلات / _cإعداد ومراجعة عادل عبد التواب بكري، محمد أحمد محمد جادو. |
| 246 | 3 | 4 |
_aالقانون رقم 12 لسنة 2003 بإصدار قانون العمل : _bمتضمنا القرارات الوزارية المنفذة لأحكامه ومذكرته الإيضاحية |
| 250 | _aط. 16. | ||
| 260 |
_aالقاهرة : _bالهيئة العامة لشئون المطابع الأميرية، _c2009. |
||
| 300 |
_a882 ص. : _bإيض. ؛ _c43 سم. |
||
| 650 | 7 |
_aالعمل والعمال _vقوانين وتشريعات _zمصر. _2BUEsh |
|
| 651 | _2BUEsh | ||
| 653 |
_bLLAAWW _cSeptember2017 |
||
| 700 | 1 |
_aبكري، عادل عبد التواب، _eمعد، _eمراجع. |
|
| 700 |
_aجادو، محمد أحمد محمد، _eمعد، _eمراجع. _920357 |
||
| 942 |
_2ddc _cBB |
||